000 00418nam a22001817a 4500
003 CEME
005 20210628205735.0
008 210204b xxu||||| |||| 00| 0 eng d
020 _a969-516-030-1
040 _c.
082 _a891.4393 PRA
100 _aPram Chand
_976897
245 _aMadaney amel
260 _aLAHORE
_bALHAMRA
_c2001
300 _a380P
650 _aURDU ADAB-NOVEL
_920918
942 _cBK
_2ddc
999 _c582204
_d582204